000 00533nam a2200145 i 4500
001 94010
003 ES-MaACL
007 t|
008 050427s1948 sp ||||1| spa d
100 1 _aLópez Sanz, Francisco.
_973970
245 1 0 _aNavarra en la Cruzada
_b: episodios, gestos, lenguaje epistolar y anecdotario. /
_cFrancisco López Sanz; prólogo del Excmo. Sr. Arzobispo de Valencia; ilustraciones de Ginés.
260 _aPamplona :
_bNavarra,
_c1948.
300 _a310 p. :
_bil. ;
_c19 cm.
852 _aES-MaACL
_jE-535
_bR.26880
999 _c94010
_d94010